Antibiotics. V 1. Mechanism of action (Record no. 21180)

MARC details
000 -LEADER
fixed length control field 00349nam a2200133Ia 4500
082 ## - DEWEY DECIMAL CLASSIFICATION NUMBER
Classification number 615.33
Item number GOT.1
245 #0 - TITLE STATEMENT
Title Antibiotics. V 1. Mechanism of action
260 ## - PUBLICATION, DISTRIBUTION, ETC. (IMPRINT)
Place of publication New York
Name of publisher Springer Verlag
Year of publication 1967
650 ## - SUBJECT ADDED ENTRY--TOPICAL TERM
Topical Term Antibiotics
700 ## - ADDED ENTRY--PERSONAL NAME
Personal name Gottlieb, David
700 ## - ADDED ENTRY--PERSONAL NAME
Personal name Shaw, Paul D
942 ## - ADDED ENTRY ELEMENTS (KOHA)
Koha item type Books
Holdings
Withdrawn status Lost status Damaged status Not for loan Home library Current library Date acquired Cost, normal purchase price Full call number Accession Number Koha item type
        RRII Library RRII Library 16/12/2021 296.40 615.33 GOT.1 01900 Books